Регионална библиотека "Любен Каравелов" - Русе

Semele (Запис номер 344598)

MARC детайли
000 -Лидер
Контролно поле с фиксирана дължина 01153nam a2200325 c 4500
003 - Код на организацията, давaща контролен номер
Контролно поле BLK
005 - Дата и час на последна редакция
Контролно поле 20200423085854.0
008 - Елементи от данни с фиксирана дължина
fixed length control field 180911b bul|||||r ||||||| ||bul||
010 ## - Наследен системен номер
LC control number 004264
040 ## - Източник на каталожния запис
Идентификатор на билиотеката - собственик на записа BLK
041 ## - Код за език
Код за езика на текст/звукозапис или на отделно заглавие Френски
Код за езика КДБФ Български
080 ## - УДК
УДК - код + определител 886.7-2
100 1# - Редна дума - Автор
Автор GROZEV, Ivan
Авторска отговорност първи автор
R(LIN) 397334
245 00 - Сведения за заглавието
Заглавие Semele
246 ## - Различни форми на заглавието
Паралелно заглавие Poeme dramatique
Наименование на поредна част от произведението лирика-поеми
260 ## - Област на издателските данни
Място на издаване, разпространение и проч. Sofia
Година на издаване 1926
Печатница Sofia : Impr. de la Cour
300 ## - Физическа характеристика
Страници 54 с
Размери/Мащаб 18 см
380 ## - Жанр
Жанр Литературознание
490 ## - СЕРИИ (Колекции)
Име на серия Частна колекция - Академик Михаил Арнаудов
Бележки за серията Дарение - Основен фонд
500 ## - Общи забележки
Забележка Автограф с текст: На г. проф. Д-р М. Арнаудов в знак на голяма почит и благодарност. Ив. Грозев София, 7 юни 1926 (инв.Х 590856)
520 ## - Забележка за наличие на резюме, анотация и т.н
Анотация, рецензия, сканиран текст Михаил Арнаудов: подпис
650 ## - Допълнително описание по предмет – тема
Основно описание – тема или топоним Драма
9 (RLIN) 153705
653 ## - Ключова дума – ненормативна
Ключова дума лирика
653 ## - Ключова дума – ненормативна
Ключова дума поеми
655 ## - Ключова дума – жанр/разновидност
Данни за жанр/разновидност или ключова дума за фокус българска литература
700 1# - Други автори (авторска отговорност)
Лично име Ivan Grozev
9 (RLIN) 397335
700 1# - Други автори (авторска отговорност)
Лично име Trad. Jean Lugol
9 (RLIN) 397336
852 ## - Местоположение
Форматна сигнатура МА 674
Фондова буква Фонд "Михаил Арнаудов"
999 ## - СИСТЕМНИ КОНТРОЛНИ НОМЕРА
Koha biblionumber 344598
Koha biblioitemnumber 344598
942 ## - АРТИКУЛИ
Вид на библиотечния материал Книги
Скрит в OPAC Не
Периодичен библиозапис Да
944 ## - СЪЗДАВАНЕ И РЕДАКЦИЯ на ЗАПИСА
Създаване/Редакция Създаване
Дата на регистрацията/редакция 1995
Служител, извършил регистрацията/редакцията ValK
999 ## - СИСТЕМНИ КОНТРОЛНИ НОМЕРА
Koha biblioitemnumber 344598
999 ## - СИСТЕМНИ КОНТРОЛНИ НОМЕРА
Koha biblioitemnumber 344598
Наличности
Код за отписване Код за изгубен артикул Източник на класификационната схема Код за повреда Коз за рестрикции Код за отдаване Артикулен № Име на библиотеката - собственик Име на библиотеката, в която се намира в момента Статус (Текущо местоположение) Местоположение - отдел Цена в лева Номерация (Хронология) Инвентарен номер Систематично азбучна сигнатура Баркод Номер на екземпляра Цена в евро Служебен тип на артикула Дата на вписване в системата
  Не е изгубен Universal Decimal Classification Не е повреден само за читалня Специални фондове ( старопечатни, редки и ценни, фонд М. Арнаудов) 745051 Регионална библиотека "Любен Каравелов" Русе Регионална библиотека "Любен Каравелов" Русе Фонд "Михаил Арнаудов" Фонд "Михаил Арнаудов" 2.50   587439 МА 674 120000587439 1 1.28 Книги  
  Не е изгубен Universal Decimal Classification Не е повреден само за читалня Специални фондове ( старопечатни, редки и ценни, фонд М. Арнаудов) 747146 Регионална библиотека "Любен Каравелов" Русе Регионална библиотека "Любен Каравелов" Русе Фонд "Михаил Арнаудов" Фонд "Михаил Арнаудов" 25.00 Автограф: Иван Грозев 590856 МА 674 120000590856   12.78 Книги 2019-10-09
Vip Innovations Ltd, Rousse, Bulgaria 2025